000 00737nam a22002417a 4500
005 20170124110113.0
010 _a194164
020 _c00.00
035 _a194164
037 _bCen Lib/Ret
040 _aDPL
_bEN
082 _a966.1
_bTHO
100 _aThompson, Virginia
_929476
245 _aFrench west africa /
_cby Virginia Thompson [and] Richard Adolff
260 _bGeorge Allen & Unwin
_aLondon
_c1958
270 _bLondon
_amuseum street
300 _a626p.
_c21cm(Hb)
500 _aIncludes bibliographical references and index
650 _aPolitical science
_929477
650 _aPolitical development
_zAfrica
_929478
700 _aAdoff, Richard
_929479
942 _2ddc
_cEN
_h966.1
_mTHO
999 _c130548
_d130548